Women at work; (Record no. 36105)

MARC details
000 -LEADER
fixed length control field 01030cam a22002531 4500
001 - CONTROL NUMBER
control field l 33000118
003 - CONTROL NUMBER IDENTIFIER
control field DLC
005 - DATE AND TIME OF LATEST TRANSACTION
control field 20260227111534.0
007 - PHYSICAL DESCRIPTION FIXED FIELD--GENERAL INFORMATION
fixed length control field cr_|||||||||||
008 - FIXED-LENGTH DATA ELEMENTS--GENERAL INFORMATION
fixed length control field 800521s1933 dcua f000 0 eng c
010 ## - LIBRARY OF CONGRESS CONTROL NUMBER
LC control number l 33000118
035 ## - SYSTEM CONTROL NUMBER
System control number (OCoLC)6342887
040 ## - CATALOGING SOURCE
Original cataloging agency Library, U.S. Dept. of Labor
Transcribing agency OCl
Modifying agency DLC
050 00 - LIBRARY OF CONGRESS CALL NUMBER
Classification number HD6093
Item number .A5 1933
110 1# - MAIN ENTRY--CORPORATE NAME
Corporate name or jurisdiction name as entry element United States.
Subordinate unit Women's Bureau.
245 10 - TITLE STATEMENT
Title Women at work;
Remainder of title a century of industrial change ... United States Department of labor.
Statement of responsibility, etc. Women's bureau.
260 ## - PUBLICATION, DISTRIBUTION, ETC.
Place of publication, distribution, etc. Washington,
Name of publisher, distributor, etc. U.S. Govt. print. off.,
Date of publication, distribution, etc. 1933.
300 ## - PHYSICAL DESCRIPTION
Extent iii, 50, [1] p.
Other physical details illus.
Dimensions 18 cm.
500 ## - GENERAL NOTE
General note "Written by Eleanor Nelson, of the division of public information of the Women's bureau."--p. ii.
530 ## - ADDITIONAL PHYSICAL FORM AVAILABLE NOTE
Additional physical form available note A digital reproduction is available from the Open Collections Program at Harvard University, Women and work collection.
650 #0 - SUBJECT ADDED ENTRY--TOPICAL TERM
Topical term or geographic name entry element Women
General subdivision Employment
Geographic subdivision United States.
700 1# - ADDED ENTRY--PERSONAL NAME
Personal name Nelson, Eleanor,
Dates associated with a name 1906-
856 41 - ELECTRONIC LOCATION AND ACCESS
Uniform Resource Identifier <a href="http://nrs.harvard.edu/urn-3:HBS.BAKER:140326">http://nrs.harvard.edu/urn-3:HBS.BAKER:140326</a>

No items available.

Powered by Koha